My little pony characters - Statistics

General Stats
  • This quiz has been taken 265 times
  • The average score is 38 of 209
Answer Stats
Hint Answer % Correct
Applejack
96%
What color is PinkiePie Pink
95%
Sci Twi's pet | Twilight Sparkle's dragon buddy Spike
95%
Main 6 Twilight Sparkle
95%
Rainbow Dash
94%
Rarity
94%
Fluttershy
93%
PinkiePie
93%
Cutie mark crusaders Applebloom
84%
Royalty Princess Celestia
81%
Princess Luna
81%
Scootaloo
80%
Sweetie Belle
76%
Apple family Granny Smith
71%
Shining Armor
69%
Discord
67%
Babs Seed
59%
Rich Family Diamond Tiara
59%
Princess Cadance
59%
Maud Pie
52%
Starlight Glimmer
52%
Big Macintosh
48%
Cake Family Mr. Cake
48%
What color is Rainbow Dash Blue
47%
Mrs. Cake
46%
Sunset Shimmer
46%
What color is Twilight Sparkle Purple
45%
Queen Chrysalis
45%
School Aged Ponies Silver Spoon
44%
What color is Rarity White
44%
What color is Fluttershy Yellow
44%
Filthy Rich
43%
Flurry Heart
43%
What color is Applejack Orange
43%
Prince Blueblood
42%
What color is Granny Smith Green
41%
Trixie
41%
What color is Big Macintosh Red
40%
Main Antagonists Nightmare Moon
37%
Angel
34%
Snails
33%
King Sombra
32%
Pound Cake
32%
Snips
32%
The Wonderbolts Spitfire
32%
Pie Family Limestone Pie
30%
Braeburn
29%
Marble Pie
28%
Pumpkin Cake
28%
Applejacks's pet Winona
27%
Zephyr Breeze
27%
PinkiePie's pet Gummy
26%
Pipsqueak
26%
Spoiled Rich
26%
Rainbow Dash's pet Tank
25%
Teaches at the Ponyville Schoolhouse Cheerilee
24%
Photo Finish
24%
Featherweight
23%
Gabby
23%
Soarin
23%
Twist
23%
Star Swirl the Bearded
22%
Pear Butter
21%
Lord Tirek
20%
Shy Family Mr. Shy
20%
Mrs. Shy
20%
Non Pony Equine Characters Zecora
19%
Maud Pie's pet rock Boulder
17%
Gives the speeches Mayor Mare
17%
Bright Mac
16%
Goldie Delicious
15%
Thorax
15%
Rarity's pet Opalescence
14%
Cloudy Quartz
13%
Reformed Antagonists Gilda
13%
Celebrities Hoity Toity
13%
Mistmane
13%
Sapphire Shores
13%
Fancy Pants
12%
Flim and Flam
11%
Igneous Rock Pie
11%
Apple Rose
10%
Aunt Orange
10%
Ember
10%
Rumble
10%
Uncle Orange
10%
Cheese Sandwich's puppet doll Boneless
9%
Daring Do
9%
Flash Magnus
9%
Physicians Nurse Redheart
9%
Rockhoof
9%
Somnambula
9%
Prince Rutherford
8%
Queen Novo
8%
Twilight Sparkle's old doll Smarty Pants
8%
Tender Taps
8%
Rarity's rock she thought was a diamond Tom
7%
Apple Strudel
6%
Coloratura
6%
Fleetfoot
6%
Hayseed Turnip Truck
6%
Twilight Sparkle's pet Owlowiscious
6%
Princess Celestia's pet Philomena
6%
Princess Skystar
6%
They guard Princess Celestia Royal Guards
6%
Harry
5%
Iron Will
5%
Pillars of Old Equestria Mage Meadowbrook
5%
A superhero created by Twilight Sparkle Mare do well
5%
Misty Fly
5%
Peachy Pie
5%
Princess Amore
5%
Sonata Dusk
5%
Earth Ponies that work at the Ponyville Day Spa Spa ponies
5%
Stygian
5%
Sunny Daze
5%
Zipporwhill
5%
Adagio Dazzle
4%
Aria Blaze
4%
Blueblood's pet Bunny
4%
Dr. Horse
4%
Tempest Shadow
4%
Toola Roola
4%
Wind Rider
4%
Blaze
3%
Changelings
3%
Cranky Doodle Donkey
3%
Dragons
3%
Matilda
3%
A horse like creature in a ghost story The Headless Horse
3%
Auntie Applesause
2%
Chief Thunderhooves
2%
Clover the Clever
2%
Coconut Cream
2%
Fluttershy's pets Constance
2%
Dr. Fauna
2%
Fire Streak
2%
Garble
2%
Gladmane
2%
Grubber
2%
High Winds
2%
Little Strongheart
2%
Spike's pet Peewee
2%
Pharynx
2%
Prim Hemline
2%
Sunset Shimmer's pet Ray
2%
Zipporwhil's pet Ripley
2%
Sheriff of Appleloosa Sheriff Silverstar
2%
Silver Zoom
2%
Songbird Serenade
2%
Bovine and other Non Pony Charachters Steven Magnet
2%
Suri Polomare
2%
Surprise
2%
Svengallop
2%
The Mane iac
2%
The Smooze
2%
The Storm King
2%
Timberwolves
2%
Trenderhoof
2%
Ahuizotl
1%
Braeburn's pet Albus
1%
Applejack's favorite apple tree Bloomberg
1%
Creatures in groups Breezies
1%
Capper
1%
Chimera
1%
Diamond Dogs
1%
Dr. Caballeron
1%
Filly Guides
1%
Fruit Bats
1%
Grampa Gruff
1%
Greta
1%
Gustave le Grand
1%
Hydra
1%
Manticore
1%
Mulia Mild
1%
Nurse Ponies
1%
Other Creatures
1%
What the main 6 characters dressed up as Princess Platinum
1%
Discord's pet Quincy
1%
Seabreeze
1%
Princess Luna's pet Tiberius
1%
Boy Bullies
0%
Shining Armor's doll Brutus Force
0%
Captain Celaeno
0%
Cerberus
0%
Chancellor Puddinghead
0%
Cockatrice
0%
Commander Hurricane
0%
Cragadile
0%
Juniper Montage
0%
Orthros
0%
Other Animals
0%
Parasprites
0%
Phoenixes
0%
Principle Cinch
0%
Private Pansy
0%
Quarray eels
0%
Scorpion
0%
Smart Cookie
0%
Tatzlwurm
0%
The Henchponies
0%
Other Pony Antagonists The Shadowbolts
0%
Ursas
0%
Vampire Fruit Bats
0%
Windigos
0%
Zesty Gourmand
0%
No matching quizzes found
Score Distribution
Percent of People with Each Score
Percentile by Number Answered
Your Score History
You have not taken this quiz